Rocky Horror Glee Show Cast Quiz Stats

 Plays Quiz not verified by Sporcle

Score 0/10 Timer 01:00
0 Plays Today
Rocky Horror Character Glee Character % Correct
????
100%
????
98.9%
????
97.6%
????
92.7%
????
90.6%
????
85.4%
????
74.6%
????
70.7%
????
56.5%
????
33.1%

You're not logged in!

Compare scores with friends on all Sporcle quizzes.
OR
Log In

Show Comments

Extras

Created Nov 17, 2010ReportNominate
Tags:glee, Guessing Game, Rocky Horror

Top Quizzes Today


Score Distribution

Your Account Isn't Verified!

In order to create a playlist on Sporcle, you need to verify the email address you used during registration. Go to your Sporcle Settings to finish the process.

Report this User

Report this user for behavior that violates our Community Guidelines.

Details: